Catálogo
 En Linea

Segunda conferencia regional sobre pobreza en América Latina y el Caribe. (Registro nro. 39765)

Detalles MARC
000 -CABECERA
campo de control de longitud fija 00548nam a2200133 a 4500
001 - NÚMERO DE CONTROL
campo de control 000040275
005 - FECHA Y HORA DE LA ÚLTIMA TRANSACCIÓN
campo de control 20201002034027.0
008 - DATOS DE LONGITUD FIJA--INFORMACIÓN GENERAL
campo de control de longitud fija 130821s1990 bg 000 0 spa d
040 ## - FUENTE DE LA CATALOGACIÓN
Centro catalogador/agencia de origen DO-SdBNP
Lengua de catalogación spa
Centro/agencia transcriptor BNPHU
111 2# - ENTRADA PRINCIPAL--NOMBRE DE CONGRESO/REUNIÓN
Nombre de congreso/reunión o jurisdicción como elemento de entrada Conferencia regional sobre pobreza en América Latina y el Caribe
Número del congreso/reunión o número de parte o sección (2:
Fecha del congreso/reunión 1990 : 20-23 nov.
Sede del congreso/Lugar de la reunión Quito)
9 (RLIN) 66547
245 10 - MENCIÓN DE TÍTULO
Título Segunda conferencia regional sobre pobreza en América Latina y el Caribe.
260 ## - PUBLICACIÓN, DISTRIBUCIÓN, ETC.
Lugar de publicación, distribución, etc. Bogotá :
Nombre del editor, distribuidor, etc. Programa de la Naciones Unidas para el Desarrollo (PNUD),
Fecha de publicación, distribución, etc. 1990.
300 ## - DESCRIPCIÓN FÍSICA
Extensión 234 p. :
Otras características físicas il., gráf. ;
Dimensiones 23 cm.
Existencias
Estado de retiro Estado de pérdida Restricciones de uso No para préstamo Código de colección Localización permanente Ubicación/localización actual Ubicación en estantería Fecha de adquisición Número de inventario Total de préstamos Signatura topográfica completa Código de barras Fecha visto por última vez Precio válido a partir de Tipo de ítem Koha Nota pública
        Monografías: Libros y Folletos General General Orden iniciada 21.08.2013 LF1   40275-10 25.06.2020 25.06.2020 No se presta Perteneció a la biblioteca persona de Gemán Emilio Ornes

Con tecnología Koha